000 01861nam a2200241Ia 4500
008 260220t1991||||xx |||||||||||||| ||spa||
040 _aPY-SlUNAC
_bspa
_erda
041 _aspa
082 _a519.52
_bM787d
100 _aMontgomery, Douglas C.
_eAutor
245 0 _aDiseño y análisis de experimentos /
_cpor Douglas C. Montgomery [Autor]
264 _aCiudad de México :
_bIberoamerica,
_c℗1991.
300 _a1 volumen
520 _aEl libro "Diseño y análisis de experimentos" de Douglas C. Montgomery es una obra fundamental en el ámbito de la estadística y la investigación experimental. En él, el autor presenta una metodología rigurosa para el diseño de experimentos, enfatizando la importancia de una planificación adecuada para la obtención de resultados válidos y confiables. A través de una serie de ejemplos prácticos y aplicaciones en diversas disciplinas, Montgomery aborda conceptos clave como la aleatorización, replicación y el control de variables, lo que permite a los investigadores minimizar el sesgo y maximizar la precisión en sus estudios. Además, el texto incluye técnicas avanzadas de análisis y la interpretación de datos, destacando el uso de herramientas estadísticas modernas. La obra es especialmente valiosa para estudiantes y profesionales que buscan mejorar la calidad de sus investigaciones a través de un enfoque sistemático y analítico. En resumen, este libro se erige como un recurso indispensable para quienes desean profundizar en el diseño experimental y su aplicación en la práctica científica.
653 _aAnálisis estadístico
653 _aDiseño experimental
653 _aInvestigación científica
942 _b2026/02/17
_cBK
999 _c7673
_d7673